Interfaz gráfica para sintonización multiobjetivo de controladores PI basado en redes neuronales
Na minha lista:
| Autor principal: | |
|---|---|
| Outros Autores: | |
| Formato: | Livro |
| Idioma: | Spanish |
| Publicado em: |
[San José], Costa Rica
2015
|
| Assuntos: | |
| Tags: |
Adicionar Tag
Sem tags, seja o primeiro a adicionar uma tag!
|
MARC
| LEADER | 00000nam a22000007a 4500 | ||
|---|---|---|---|
| 003 | 012174 | ||
| 005 | 20230823115742.0 | ||
| 008 | 150714b2015 cr a|||| |||| 00| ||spa d | ||
| 040 | |c cru CEDI | ||
| 090 | |a TFG 7339 | ||
| 100 | |9 1181 |a Sáenz Cortés, Felipe, 1990- | ||
| 245 | |a Interfaz gráfica para sintonización multiobjetivo de controladores PI basado en redes neuronales | ||
| 260 | |a [San José], Costa Rica |c 2015 | ||
| 300 | |a xiv, 75 páginas : ilustraciones | ||
| 500 | |a Proyecto de graduación (bachillerato en ingeniería eléctrica)--Universidad de Costa Rica. Facultad de Ingeniería. Escuela de Ingeniería Eléctrica | ||
| 501 | |a Profesor Guía de IE-0499 Proyecto Eléctrico: Dr. José David Rojas Fernández | ||
| 650 | |x REDES NEURALES (COMPUTADORAS) |x CONTROLADORES LOGICOS PROGRAMABLES |x INTERFACES GRAFICAS CON EL USUARIO (SISTEMAS PARA COMPUTADORA) |x CONTROL AUTOMATICO |9 858 | ||
| 700 | |9 701 |a Rojas Fernández, José David, 1984- |d Director de Proyecto Eléctrico | ||
| 942 | |c CEDI | ||
| 999 | |c 13879 |d 13879 | ||
